000 00653nam a2200253Ia 4500
003 OSt
005 20220918225039.0
006 a|||||r|||| 00| 0
007 ta
008 220917b |||||||| |||| 00| 0 eng d
024 _a236,336
037 _cTextual
040 _aARTS
_cARTS
_beng
041 _2eng
_aeng
082 _aR292, M0
100 _aVesey Godfrey
_980099
245 0 _aPerception
260 _aGreat
_bBritain The Open University Press UK
_c1980
300 _a41p.
_ccm.
490 _aArts : a third level course
650 _aPHILOSOPHY
942 _hR292, M0
_cTEXL
_2CC
999 _c283238
_d283238